000
00274nam a22001217a 4500
008
170331b xxu||||| |||| 00| 0 eng d
041
_a
eng
080
_a
617
100
_a
8
101
_a
SHM
245
_a
THE CARE OF CONGENITAL HAND ANOMALIES
_c
FLATT, A.E
942
_2
udc
_c
BK
999
_c
9348
_d
9348